La memoria colectiva : el sindicalismo en el Baix Llobregat bajo la dictadura franquista: 1960-1976 / Francisco Ruiz Acevedo, Antonio García Sánchez, Vicenç Lizano Berges el sindicalismo en el Baix Llobregat bajo la dictadura franquista:
MARC
| LEADER | 00000nam a2200000Ia 4500 | ||
|---|---|---|---|
| 001 | 16037 | ||
| 008 | 160829s200?] xx 000 0 cat d | ||
| 020 | |a 84-607-9270-6 | ||
| 080 | |a M-4-358 | ||
| 100 | |a Ruiz Acevedo, Francisco |9 1538 | ||
| 245 | |a La memoria colectiva : |b el sindicalismo en el Baix Llobregat bajo la dictadura franquista: |b 1960-1976 / Francisco Ruiz Acevedo, Antonio García Sánchez, Vicenç Lizano Berges | ||
| 260 | |a [Baix LLobregat : |b CCOO, |c 200?] | ||
| 300 | |a 375 p. : |b il., retrats, gràfics ; |c 22 cm | ||
| 490 | |a Comarca activa ; 2 | ||
| 590 | |a Títol a la coberta: El estilo sindical del Baix Llobregat : el sindicalismo bajo la dictadura franquista: 1960-1976. | ||
| 590 | |a Amb la col·laboració de la Diputació de Barcelona, Xarxa de Municipis. | ||
| 590 | |a Anexos | ||
| 650 | |a Sindicalisme |x Baix Llobregat |x Història |x 1960/1976 |9 38422 | ||
| 650 | |a Lluites socials |x Baix LLobregat |x 1960/1976 |9 38423 | ||
| 650 | |a Moviment obrer |x Catalunya |9 38424 | ||
| 700 | |a García Sánchez, Antonio |9 38425 | ||
| 700 | |a Lizano Berges, Vicenç |9 38426 | ||
| 710 | |a Comissions Obreres de Catalunya (CCOO) |9 65127 | ||
| 866 | |a 2 | ||
| 901 | |a Arxiu | ||
| 942 | |n 1 | ||
| 952 | |0 0 |1 0 |4 0 |6 M4358 |7 1 |9 48413 |a Arxiu |b Arxiu |d 2016-12-01 |l 0 |o M-4-358 |p 16037 |r 2016-12-01 00:00:00 |w 2016-12-01 |y ARXIU | ||
| 999 | |c 52241 |d 52241 | ||